04623nam a2200589 a 4500001000700000003000500007005001700012006001900029007000300048008004100051010001100092020003900103020003200142020003200174020003200206020003200238020003200270020003200302020003200334020003200366020003200398020003300430020002400463040001200487041002500499082002300524100003700547240002200584245007100606264004600677300007900723336002900802337003000831338003100861490004600892500062400938504002701562505098701589520108102576650002603657650003203683650002603715650002703741650002303768650006003791650004603851650003103897650001703928650002103945650002103966830004603987Z_5349CHAP20250728085636.0g||||gq||z| 0| 0 ta220113s2009 ck ao gr 001 0 spa d a168416 a987-958-96086-7-8q(obra completa) a978-958-8203-06-5q(tomo 1) a978-958-97181-2-4q(tomo 2) a978-958-8203-65-2q(tomo 3) a978-958-8203-67-6q(tomo 4) a978-958-97181-0-0q(tomo 5) a978-958-8203-02-7q(tomo 6) a978-958-8203-00-3q(tomo 7) a978-958-97181-4-8q(tomo 8) a978-958-97181-6-2q(tomo 9) a978-958-8203-07-2q(tomo 10) a958-96086-7-1q(CD) cCHAPaZ0 bEspañolfEspañol00a636 bD87 20092201 aDurán Ramírez, Felipeeautor1 aGranaja Integral 10aGranaja Integral :bproducción pecuaria /cJaime Durán Naranjo 1aColombia :bGrupo Latino Editorial,c2009 a10 tomos:bilustraciones a color, tablas, fotografías a color + 1 CD-ROM 2rdacontentatexto btxt  2rdamedia asin medio bn  2rdacarrier avolumen bnc 10aVolvamos al campo (Grupo Latino Editores) aTomo 1 ej.1 - ej.2 : consumo Tomo 1 ej.3: s/n (sin sellos) / Tomo 2 ej.1 - ej.2: C/E Tomo2 ej.3: s/n (sin sellos) / Tomo 3 ej.1: C/E ej.2: s/n (sin sellos) / Tomo 4 ej.1: s/n (sin sellos) / Tomo 5 ej.1: reposición (del título Vacuno de leche de alta producción: sus alojamientos en instalaciones. Buxade Carbo,Carlos. ej.1 adq. 5819) Tomo 5 ej.2: s/n (sin sellos) / Tomo 6 ej.1: s/n (sin sellos) / Tomo 7 ej.1: s/n (sin sellos) / Tomo 8 ej.1: reposición Tomo 8 ej. 2: s/n (sin sellos) / Tomo 9 ej.1: I.I. 0073(sin sellos) Tomo 9 ej.2: Reposición Tomo 9 ej.3: s/n (sin sellos) / Tomo 10 ej.1: s/n (sin sellos) aIncluye bibliografía00gTomo 1. Manejo y construcción en aves de corral: Construcciones, equipo, manejo y nutrición -- Tomo 2. Lácteos y sus derivados: obtención, conservación y procesos -- Tomo 3. Manual práctico de la avestruz: anatomía, manejo, alimentación y explotación -- Tomo 4. Cría de aves a la intemperie: manejo, nutrición, equipo y aves exóticas -- Tomo 5. Manual de construcciones pecuarias: explotación piscícola, planos y corrales -- Tomo 6. Transferencia de embriones en bovinos y equinos: importancia, métodos y evaluación -- Tomo 7. Sanidad animal en pequeñas especies: enfermedades, anomalías y alteraciones -- Tomo 8. Inseminación en caprinos, ovinos, conejos, aves de corral y porcinos: características, métodos, técnicas y pasos -- Tomo 9. Cultivos de pastos y forrajes: silvopastoriles, forraje verde hidropónico -- Tomo 10. Cría de levante de porcinos en corrales y a la intemperie: instalaciones, manejo, nutrición y enfermedades. aGranja Integral es una colección completa que le permitirá obtener toda la información necesaria en igual numero de áreas de la producción agraria para quienes desean ingresar al negocio del campo o bien para quienes están en él deseen obtener la orientación que le permita mejorar o tecnificar lo que ya tienen. Son 22 tomos elaborados con la información básica que requiere el hombre o la mujer del campo para poner a producir sus tierras, en los sectores agrícolas y pecuarios. Es una información sencilla y de fácil comprensión, acompañada de fotografías, ilustraciones y cuadros estadísticos o de producción. en el área de producción animal, se han seleccionado temas básicos de gran interés económico en la actualidad que se adaptan a diferentes regiones y climas. En cada uno de los libros se presenta información relacionada con las características de los animales, inseminación, razas, construcciones, equipos, alimentación, nutrición, manejo de producción, enfermedades, costos de producción, entre otros.13aProducción pecuaria13aAves de corralxNutrición13aExplotación lechera14aAvestruces, Cría de 13aGanado alternativo13aEstructuras e instalaciones agrariasxDiseño; Trazado13aTecnologías de reproducción asistidas13aTransferencia de embriones13aSalud animal10aManejo de pastos10aCría de cerdos 0aVolvamos al campo (Grupo Latino Editores)